Matematika II

Bibliographic Details
Main Authors: Kolesárová, Anna, 1951- (Author), Baláž, Vladimír (Author)
Format: Book
Language:Slovak
PhysicalDescription:261 s. ilustr. 24 cm
Published: V Bratislave Slovenská technická univerzita 2011
ISBN:9788022734936
Edition:1. vyd.
Series:Edícia vysokoškolských učebníc
Subjects:

MARC

LEADER 00000nam a2200000 a 4500
001 vtls010286507
003 SK-MaSNL
005 20260301173135.0
008 240318s2011 xo a p 001 0 slo
015 |a SNBA2011/12-06106 
020 |a 9788022734936  |q (brož.) 
035 |a 88010E45-4611-4E3E-BFC2-6A8660CF408C 
035 |a urn:nbn:sk:snk-amkbas 
035 |a urn:nbn:sk:snk-am008fiy 
040 |a SNK  |b slo  |c SNK  |e AACR2 
041 0 |a slo 
044 |a xo  |c SK 
072 7 |a 51  |x Matematika  |2 konspekt 
072 7 |a 37.016  |x Učebné osnovy. Vyučovacie predmety. Učebnice  |2 konspekt 
080 |a 51  |2 2001 
080 |a (075.8)  |2 2001 
100 1 |a Kolesárová, Anna,  |d 1951-  |4 aut  |9 39998 
245 1 0 |a Matematika II  |c Anna Kolesárová, Vladimír Baláž 
250 |a 1. vyd. 
260 |a V Bratislave  |b Slovenská technická univerzita  |c 2011 
300 |a 261 s.  |b ilustr.  |c 24 cm 
490 1 |a Edícia vysokoškolských učebníc 
500 |a Reg. 
504 |a Bibliogr. s. 257-258 
650 0 7 |a matematika  |2 SNKPH  |9 70174 
650 0 7 |a Mathematics  |2 SNKPHeng  |9 265620 
655 7 |a učebnice vysokých škôl  |2 SNKPH  |9 70191 
655 7 |a Textbooks (higher)  |2 SNKPHeng  |9 276436 
700 1 |a Baláž, Vladimír  |4 aut  |9 6765 
810 2 |a Slovenská technická univerzita v Bratislave  |t Edícia vysokoškolských učebníc  |9 155858 
830 0 |a Edícia vysokoškolských učebníc  |9 320068 
852 |a Štátna vedecká knižnica v Banskej Bystrici 
919 |a 978-80-227-3493-6 
958 |a NB 
968 |d 51 
999 |c 835857  |d 837787 
952 |a SNK  |b SNK  |y PREZ  |7 0  |p 17A0710666  |o snkSC 140886/2  |i snk2011/16417  |8 0  |0 0  |1 0  |4 0  |d 2011-07-27  |l 0  |r 2025-07-09 00:00:00  |w 2026-02-24 
952 |a SNK  |b SNK  |y VYP  |7 0  |p 17A0710667  |o snkSC 140886/2 D1  |i snk2011/16418  |8 0  |0 0  |1 0  |4 0  |d 2011-07-27  |f 1  |l 0  |r 2026-02-24 03:52:56  |w 2026-02-24